000 00527nam a2200181Ia 4500
008 100917s9999 xx 000 0 und d
082 _b36812
100 _aधारप नारायण - संपा.
245 _aनिवडक भयकथा
260 _bश्रीविशाखा प्रकाशन
_c1974
300 _a239
365 _b20
520 _aकथा
630 _aनिवडक भयकथा
650 _aकथा
730 _aनिवडक भयकथा
942 _cBOOK
999 _c642206
_d642203